|
|
|
|
| LEADER |
01328nam a2200217 a 4500 |
| 008 |
100701s2004 bg b 000 0 eng d |
| 020 |
|
|
|a 9848820323
|
| 040 |
|
|
|a BD-DhAAL
|c BD-DhAAL
|d BD-DhAAL
|
| 082 |
0 |
0 |
|a 070.4/082095492
|2 22
|
| 245 |
1 |
0 |
|a তৃণমূল নারী সংবাদকর্মীদের প্রতি জনসমাজের দৃষ্টিভঙ্গি যাচাই :
|b প্রেক্ষাপট:নোয়াখালী, লক্ষীপুর, ফেনী, পটুয়াখালী, বরগুনা, ঝালকাঠি, পিরোজপুর, বরিশাল ও ভোলা জেলা।
|
| 260 |
|
|
|a ঢাকা :
|b ম্যাস্-লাইন মিডিয়া সেন্টার,
|c ২০০৪
|
| 300 |
|
|
|a ৮০ পৃ. ;
|c ২২ সে.মি.
|
| 541 |
1 |
|
|e 00020030
|
| 710 |
1 |
|
|a ম্যাস্-লাইন মিডিয়া সেন্টার।
|
| 650 |
|
0 |
|a Women in journalism
|z Bangladesh
|
| 650 |
|
0 |
|a Women journalists.
|
| 650 |
|
0 |
|a Women and journalism.
|
| 650 |
|
0 |
|a Mass media and women.
|
| 852 |
4 |
|
|a Ayesha Abed Library
|j General shelf
|
| 999 |
|
|
|c 9135
|d 9135
|
| 952 |
|
|
|0 0
|1 0
|2 ddc
|4 0
|6 070_400000000000000_082095492_TRI_2004
|7 0
|9 11393
|a BRACUL
|b BRACUL
|c GEN
|d 2010-07-01
|l 0
|o 070.4082095492 TRI
|p 3010020030
|r 2010-07-01
|t 1
|w 2010-07-01
|y BK
|